Statystyki dla Herby państw świata

Kliknij tutaj aby rozwiązać quiz!

Ogólne statystyki

  • Ten quiz został rozwiązany 41 razy
  • Średni wynik to 110 z 196

Statystyki odpowiedzi

Odpowiedź% Poprawnych
Brazylia
97%
Filipiny
97%
Polska
97%
Korea południowa
93%
Kostaryka
93%
Niemcy
93%
Tonga
93%
Australia
90%
Austria
90%
Chorwacja
90%
Dominikana
90%
Nowa Zelandia
90%
Wietnam
90%
Albania
86%
Bośnia i Hercegowina
86%
Erytrea
86%
Kazachstan
86%
Malta
86%
Nikaragua
86%
Burkina Faso
83%
Liberia
83%
Litwa
83%
Salwador
83%
Samoa
83%
Serbia
83%
Uzbekistan
83%
Wyspy Marshalla
83%
Zjednoczone Emiraty Arabskie
83%
Hiszpania
79%
Liban
79%
Mauretania
79%
Rosja
79%
San Marino
79%
Wenezuela
79%
Chiny
76%
Islandia
76%
Japonia
76%
Katar
76%
Namibia
76%
Nepal
76%
Singapur
76%
Turcja
76%
Włochy
76%
Angola
72%
Bułgaria
72%
Izrael
72%
Kamerun
72%
Portugalia
72%
Somalia
72%
Szwajcaria
72%
Bahrajn
69%
Egipt
69%
Ekwador
69%
Eswatini
69%
Etiopia
69%
Gruzja
69%
Kosowo
69%
Madagaskar
69%
Malediwy
69%
Mali
69%
Niger
69%
Rwanda
69%
Słowacja
69%
Słowenia
69%
Stany Zjednoczone
69%
Sudan południowy
69%
Syria
69%
Tadżykistan
69%
Andora
66%
Argentyna
66%
Belgia
66%
Białoruś
66%
Haiti
66%
Holandia
66%
Honduras
66%
Indie
66%
Irak
66%
Iran
66%
Kenia
66%
Kuwejt
66%
Libia
66%
Luksemburg
66%
Meksyk
66%
Mołdawia
66%
Mozambik
66%
Panama
66%
Paragwaj
66%
Republika Środkowoafrykańska
66%
Tunezja
66%
Tuvalu
66%
Wybrzeże kości słoniowej
66%
Zambia
66%
Czarnogóra
62%
Irlandia
62%
Jordania
62%
Kiribati
62%
Kolumbia
62%
Korea północna
62%
Maroko
62%
Mikronezja
62%
Republika zielonego przylądka
62%
Timor wschodni
62%
Togo
62%
Turkmenistan
62%
Ukraina
62%
Watykan
62%
Wielka brytania
62%
Belize
59%
Czechy
59%
Grecja
59%
Kanada
59%
Laos
59%
Mjanma
59%
Pakistan
59%
Tanzania
59%
Węgry
59%
Boliwia
55%
Komory
55%
Mongolia
55%
Nauru
55%
Rumunia
55%
Szwecja
55%
Tajwan
55%
Urugwaj
55%
Cypr
52%
Francja
52%
Jemen
52%
Norwegia
52%
Peru
52%
Sri Lanka
52%
Azerbejdżan
48%
Bhutan
48%
Kongo
48%
Wyspy Świętego Tomasza i Książęca
48%
Arabia Saudyjska
45%
Botswana
45%
Finlandia
45%
Gwinea równikowa
45%
Kirgistan
45%
Liechtenstein
45%
Oman
45%
Papua-Nowa Gwinea
45%
Afganistan
41%
Ghana
41%
Gwatemala
41%
Tajlandia
41%
Chile
38%
Fidżi
38%
Kambodża
38%
Zimbabwe
38%
Dominika
34%
Estonia
34%
Gabon
34%
Gwinea
34%
Sudan
34%
Bangladesz
31%
Brunei
31%
Macedonia północna
31%
Monako
31%
Armenia
28%
Dania
28%
Demokratyczna Republika Konga
28%
Gwinea Bissau
28%
Łotwa
28%
Południowa Afryka
28%
Senegal
28%
Indonezja
24%
Kuba
24%
Malezja
24%
Mauritius
24%
Uganda
24%
Vanuatu
24%
Czad
21%
Grenada
21%
Nigeria
21%
Algieria
17%
Antigua i Barbuda
17%
Bahamy
17%
Barbados
17%
Benin
17%
Burundi
17%
Dżibuti
17%
Lesotho
17%
Malawi
17%
Trynidad i Tobago
17%
Gambia
14%
Palau
14%
Saint Kitts i Nevis
14%
Saint Lucia
14%
Seszele
14%
Wyspy Salomona
14%
Jamajka
10%
Saint Vincent i Grenadyny
10%
Surinam
10%
Gujana
7%
Sierra Leone
3%

Rozkład punktacji

Percentyl według liczby udzielonych odpowiedzi

Procent ludzi z każdym wynikiem

Twoja historia wyników

Nie rozwiązałeś tego quizu